| 000 | 00454nam a22001697a 4500 | ||
|---|---|---|---|
| 003 | CEME | ||
| 005 | 20210628210256.0 | ||
| 008 | 210216b xxu||||| |||| 00| 0 eng d | ||
| 040 | _c. | ||
| 082 | _a297.63 MUH | ||
| 100 |
_aKadari, Muhammad Ilyas Attar Muhammad Ilyas Attar Kadari Rizvi _920645 |
||
| 245 | _aFiyzan sunnat | ||
| 260 |
_aKARACHI _bMAKTABA ALMADINA _c1990 |
||
| 300 | _a1326P | ||
| 650 |
_aISLAM-FIYZAN SUNNAT _920646 |
||
| 942 |
_cBK _2ddc |
||
| 999 |
_c583888 _d583888 |
||